Communication: Personal Narrative and Explanation.

This set of 8 video clips shows children communicating about their personal experiences or individual understandings about how the physical or social world works. Watch and see a) two examples of four-year-old boys sharing with their class about family experiences while away from school; b) a group...

Full description

Bibliographic Details
Corporate Author: Kanopy (Firm)
Format: Video
Language:Undetermined
Language Notes:In English
Published: [San Francisco, California, USA] : Kanopy Streaming, 2015.
Subjects:
Online Access:Connect to this streaming video

MARC

Tag First Indicator Second Indicator Subfields
LEADER 00000cgm a2200000za 4500
001 in00003590639
006 m o c
007 vz uzazuu
007 cr una---unuuu
008 150908p20152011cau060 o vlund d
005 20260324165421.0
028 5 2 |a 1135877  |b Kanopy 
035 |a (CaSfKAN)kan1135877 
040 |a VDU  |b eng  |c VDU  |d UtOrBLW 
245 0 0 |a Communication: Personal Narrative and Explanation. 
264 1 |a [San Francisco, California, USA] :  |b Kanopy Streaming,  |c 2015. 
300 |a 1 online resource (streaming video file) 
306 |a Duration: 60 minutes 
336 |a two-dimensional moving image  |b tdi  |2 rdacontent 
337 |a computer  |b c  |2 rdamedia 
338 |a online resource  |b cr  |2 rdacarrier 
500 |a Title from title frames. 
518 |a Originally produced by Videatives in 2011. 
520 |a This set of 8 video clips shows children communicating about their personal experiences or individual understandings about how the physical or social world works. Watch and see a) two examples of four-year-old boys sharing with their class about family experiences while away from school; b) a group of children explain and compare the defining features of a town and a city; c) a four-year-old boy use his map as a hybrid of storyboard and spatial notation to explain real objects drawn to instruct one to know how to get around; d) a four-year-old girl learn to think about her story as a structure, as she switches back and forth between describing the events of the story and explaining her choices to her mom; e) a five-year-old girl explain what attributes cause an object to sink or float; f) a five-year-old boy extend his understanding of the rain cycle as he explains and reflects upon the elements in his drawing; and g) a group of five-year-old children discuss with their teacher strategies to reduce rough play. 
538 |a Mode of access: World Wide Web. 
546 |a In English 
500 |a Electronic resource. 
653 |a Psychology 
653 |a Teacher Education Development 
655 7 |a Nonfiction films.  |2 lcgft  |0 http://id.loc.gov/authorities/genreForms/gf2011026423 
655 7 |a Internet videos.  |2 lcgft  |0 http://id.loc.gov/authorities/genreForms/gf2011026337 
710 2 |a Kanopy (Firm)  |0 http://id.loc.gov/authorities/names/no2014091415 
856 4 0 |u http://proxy.library.tamu.edu/login?url=https://texasam.kanopystreaming.com/node/135878  |z Connect to this streaming video  |t 0 
999 f f |s 870a8a4a-7d5b-3740-a912-96a9fd3b2dbd  |i 967b5769-50ac-351e-88e7-5a45bca9899d  |t 0 
952 f f |a Texas A&M University  |b College Station  |c Electronic Resources  |s www_evans  |d Available Online  |t 0  |h No information provided 
998 f f |t 0  |l Available Online